Defunct Professional North American Sports Teams - Statistics

General Stats
  • This quiz has been taken 212 times
  • The average score is 11 of 20
Answer Stats
Question Answer % Correct
Canton Bulldogs Football
91%
California Golden Seals Hockey
91%
Montreal Maroons Hockey
83%
Cleveland Spiders Baseball
78%
Washington Senators Baseball
70%
Chicago Stags Basketball
70%
Dayton Triangles Football
70%
Indianapolis Olympians Basketball
65%
Toronto Huskies Basketball
61%
St. Louis Bombers Basketball
57%
Frankford Yellow Jackets Football
48%
St. Louis Eagles Hockey
48%
Washington Capitols Basketball
43%
Rochester Jeffersons Football
39%
Brooklyn Americans Hockey
39%
Baltimore Terrapins Baseball
35%
Indianapolis Hoosiers Baseball
30%
Philadelphia Quakers Hockey
26%
Kansas City Packers Baseball
17%
Minneapolis Marines Football
17%
No matching quizzes found
Score Distribution
Percent of People with Each Score
Percentile by Number Answered
Your Score History
You have not taken this quiz